|
|
|
|
| LEADER |
00000cam a22000007a 4500 |
| 001 |
25101 |
| 003 |
CZ-ZlUTB |
| 005 |
20190825234812.0 |
| 008 |
050909s1997 xr |||||r|||||||||||cze|d |
| 020 |
|
|
|a 8086122085
|q (Repronis :
|q váz.)
|
| 040 |
|
|
|a ABA001
|b cze
|c ABA001
|d ZLD002
|
| 072 |
|
7 |
|a 913
|x Regionální geografie
|2 Konspekt
|9 7
|
| 080 |
|
|
|a (084.12)
|2 v
|
| 080 |
|
|
|a 908.437.2
|2 v
|
| 100 |
1 |
|
|a Barteček, Ivo,
|d 1953-
|7 jn20000400072
|4 aut
|
| 245 |
1 |
0 |
|a Ostrava v dobových pohledech /
|c Ivo Barteček & Jan Tejkal
|
| 250 |
|
|
|a 1. vyd.
|
| 260 |
|
|
|a Ostrava :
|b Repronis,
|c c1997
|
| 300 |
|
|
|a 56 s. :
|b il. (část. barev.) ;
|c 24 cm
|
| 500 |
|
|
|a Jaz. úprava Martin Pilař
|
| 550 |
|
|
|a Vydavatel: Magistrát města Ostravy
|
| 651 |
|
7 |
|a Ostrava (Česko)
|7 ge128537
|2 czenas
|
| 650 |
0 |
4 |
|a Regionální geografie
|
| 651 |
|
7 |
|a Ostrava (Česko)
|7 ge128537
|2 czenas
|
| 655 |
|
7 |
|a obrazové publikace
|7 fd132947
|2 czenas
|
| 700 |
1 |
|
|a Tejkal, Jan,
|d 1973-
|7 ola2003193709
|4 aut
|
| 910 |
|
|
|a ZLD002
|
| 952 |
|
|
|0 0
|1 0
|4 0
|6 9OSTRAVA
|7 0
|8 BOOK
|9 48633
|a UTBZL
|b UTBZL
|c 030
|d 2006-07-29
|l 1
|o 9/OSTRAVA
|p 420010094199
|r 2019-08-25 00:00:00
|v 50.00
|w 2019-08-25
|x N:nákup | 20100831
|y 05
|
| 992 |
|
|
|a BK
|b SK
|d 1
|
| 999 |
|
|
|c 25101
|d 25101
|